[Event "Canarias en Red prel 3rd"]
[Site "Playchess.com INT"]
[Date "2004.05.05"]
[Round "10"]
[White "Chapar, Sergey"]
[Black "Karasik, Evgeni"]
[Result "0-1"]
[WhiteElo "2256"]
[BlackElo "2194"]
[PlyCount "36"]
[EventDate "2004.05.05"]
[EventType "swiss (blitz)"]
[EventRounds "13"]
[EventCountry "GER"]
[SourceTitle "EXT 2005"]
[Source "ChessBase"]
[SourceDate "2004.11.15"]
[SourceVersion "1"]
[SourceVersionDate "2004.11.15"]
[SourceQuality "1"]

1. d4 Nf6 2. Nf3 c5 3. d5 b5 4. Bg5 Ne4 5. Bf4 f5 6. Qd3 c4 7. Qd4 Bb7 8. Nfd2 Nf6 9. d6 Nc6 10. Qc5 Qb6 11. Qxf5 Nd4 12. Qh3 Nxc2+ 13. Kd1 Nxa1 14. Be3 Qxd6 15. Qf5 Be4 16. Qxb5 Bxb1 17. Kc1 Bxa2 18. Qa6 Qxa6 0-1

[Event "Canarias en Red prel 2nd"]
[Site "Playchess.com INT"]
[Date "2004.05.04"]
[Round "4"]
[White "Chapar, Sergey"]
[Black "Buescher, Andre"]
[Result "1-0"]
[WhiteElo "2256"]
[BlackElo "2043"]
[PlyCount "81"]
[EventDate "2004.05.04"]
[EventType "swiss (blitz)"]
[EventRounds "13"]
[EventCountry "GER"]
[SourceTitle "EXT 2005"]
[Source "ChessBase"]
[SourceDate "2004.11.15"]
[SourceVersion "1"]
[SourceVersionDate "2004.11.15"]
[SourceQuality "1"]

1. d4 Nf6 2. Nf3 c5 3. d5 b5 4. Bg5 Qb6 5. Bxf6 Qxf6 6. c3 Qb6 7. e4 d6 8. a4 b4 9. Bb5+ Bd7 10. Bxd7+ Nxd7 11. 0-0 g6 12. Nbd2 Bg7 13. a5 Qc7 14. Qc2 bxc3 15. bxc3 0-0 16. Nc4 Rab8 17. h4 h5 18. Ng5 Ne5 19. Nxe5 Bxe5 20. f4 Bg7 21. f5 Be5 22. fxg6 fxg6 23. Rxf8+ Rxf8 24. Ne6 Qc8 25. Nxf8 Qxf8 26. Rb1 Qf4 27. Qf2 Qh2+ 28. Kf1 Qh1+ 29. Qg1 Qxh4 30. Rb8+ Kh7 31. Qf2 Qxf2+ 32. Kxf2 Bxc3 33. Rb7 Bd4+ 34. Ke2 c4 35. Rxe7+ Kh6 36. Rc7 c3 37. Kd3 Bc5 38. Rxc5 dxc5 39. d6 Kg7 40. d7 Kf7 41. d8Q 1-0

[Event "Canarias en Red prel 2nd"]
[Site "Playchess.com INT"]
[Date "2004.05.04"]
[Round "5"]
[White "Mecking, Henrique"]
[Black "Chapar, Sergey"]
[Result "1-0"]
[WhiteElo "2557"]
[BlackElo "2256"]
[PlyCount "81"]
[EventDate "2004.05.04"]
[EventType "swiss (blitz)"]
[EventRounds "13"]
[EventCountry "GER"]
[SourceTitle "EXT 2005"]
[Source "ChessBase"]
[SourceDate "2004.11.15"]
[SourceVersion "1"]
[SourceVersionDate "2004.11.15"]
[SourceQuality "1"]

1. d4 d5 2. c4 e6 3. Nc3 Nf6 4. cxd5 exd5 5. Bg5 c6 6. e3 Nbd7 7. Bd3 Be7 8. Nge2 0-0 9. 0-0 Re8 10. Qc2 Nf8 11. Rae1 Ng4 12. Bf4 Bd6 13. h3 Bxf4 14. exf4 Nf6 15. f5 b6 16. Rd1 c5 17. dxc5 bxc5 18. Bb5 Re5 19. Ng3 Bb7 20. Rfe1 Rxe1+ 21. Rxe1 d4 22. Na4 Qd5 23. Bf1 Rc8 24. b3 h5 25. Nb2 h4 26. Ne2 Qe4 27. Qxe4 Bxe4 28. g4 hxg3 29. Nxg3 Bd5 30. Bg2 Bxg2 31. Kxg2 Nd5 32. Na4 Nf4+ 33. Kf3 Nxh3 34. Re5 Nd7 35. Rd5 Rc7 36. Ne4 Ng1+ 37. Kg4 Ne2 38. Naxc5 Nxc5 39. Rd8+ Kh7 40. Ng5+ Kh6 41. Rh8# 1-0

[Event "Canarias en Red prel 2nd"]
[Site "Playchess.com INT"]
[Date "2004.05.04"]
[Round "3"]
[White "Sommerbauer, Norbert"]
[Black "Chapar, Sergey"]
[Result "1-0"]
[WhiteElo "2430"]
[BlackElo "2256"]
[PlyCount "121"]
[EventDate "2004.05.04"]
[EventType "swiss (blitz)"]
[EventRounds "13"]
[EventCountry "GER"]
[SourceTitle "EXT 2005"]
[Source "ChessBase"]
[SourceDate "2004.11.15"]
[SourceVersion "1"]
[SourceVersionDate "2004.11.15"]
[SourceQuality "1"]

1. e3 d5 2. Nf3 Nf6 3. c4 e6 4. b3 Be7 5. Bb2 0-0 6. g3 c5 7. Bg2 Nc6 8. 0-0 d4 9. exd4 cxd4 10. Re1 a5 11. d3 Bc5 12. Na3 Bb4 13. Re2 Re8 14. Nb5 e5 15. a3 Bf8 16. Qe1 Bg4 17. h3 Bxf3 18. Bxf3 Qd7 19. Bg2 g6 20. Qd2 h5 21. Rae1 Kh7 22. Bc1 Ng8 23. Qc2 Bg7 24. Kh2 Nge7 25. Bd2 Nf5 26. h4 Nh6 27. Bh3 Ng4+ 28. Kg2 Ne7 29. f3 Qc6 30. b4 Nh6 31. Bg5 Nhf5 32. Bxe7 Nxe7 33. Qb3 Ng8 34. Kf2 Nh6 35. Bg2 Qd7 36. a4 Nf5 37. c5 Ne3 38. Nd6 Re6 39. Bh3 axb4 40. Bxe6 fxe6 41. Qxb4 Rf8 42. Qxb7 Qd8 43. Rxe3 dxe3+ 44. Rxe3 e4 45. Rxe4 Qf6 46. Rf4 Qb2+ 47. Qxb2 Bxb2 48. Rxf8 Kg7 49. Rf7+ Kh6 50. Kg2 Be5 51. Ne4 Bxg3 52. Ng5 Bxh4 53. f4 Bxg5 54. fxg5+ Kxg5 55. c6 h4 56. c7 h3+ 57. Kxh3 Kh5 58. c8Q Kg5 59. Qg8 Kh6 60. Rf6 Kh5 61. Qxg6# 1-0

[Event "Canarias en Red prel 2nd"]
[Site "Playchess.com INT"]
[Date "2004.05.04"]
[Round "8"]
[White "Vogel, Heike"]
[Black "Chapar, Sergey"]
[Result "1-0"]
[WhiteElo "2152"]
[BlackElo "2256"]
[PlyCount "49"]
[EventDate "2004.05.04"]
[EventType "swiss (blitz)"]
[EventRounds "13"]
[EventCountry "GER"]
[SourceTitle "EXT 2005"]
[Source "ChessBase"]
[SourceDate "2004.11.15"]
[SourceVersion "1"]
[SourceVersionDate "2004.11.15"]
[SourceQuality "1"]

1. d4 d5 2. Nf3 Nf6 3. Bf4 c6 4. e3 b5 5. Bd3 Bb7 6. Nbd2 e6 7. Qe2 Bd6 8. Ne5 0-0 9. h4 a6 10. g4 Bxe5 11. Bxe5 Nbd7 12. g5 Nxe5 13. dxe5 Nd7 14. f4 c5 15. Bxh7+ Kxh7 16. h5 d4 17. e4 Nxe5 18. g6+ Kh6 19. fxe5 Qg5 20. 0-0-0 c4 21. Kb1 Qe3 22. Qg2 c3 23. gxf7 g5 24. hxg6+ Kg7 25. Rh7# 1-0

[Event "EU-ch U18"]
[Site "Peniscola"]
[Date "2002.10.07"]
[Round "8"]
[White "Poulsen, Martin"]
[Black "Chapar, Sergey"]
[Result "1-0"]
[WhiteElo "2160"]
[BlackElo "2238"]
[PlyCount "28"]
[EventDate "2002.09.29"]
[EventType "swiss"]
[EventRounds "9"]
[EventCountry "ESP"]
[SourceTitle "CBM 090 Extra"]
[Source "ChessBase"]
[SourceDate "2002.11.07"]
[SourceVersion "1"]
[SourceVersionDate "2002.11.07"]
[SourceQuality "1"]

1. e4 c5 2. Nc3 Nc6 3. Bb5 Nd4 4. Bc4 g6 5. Nge2 Bg7 6. Nxd4 cxd4 7. Qf3 Nh6 8. Ne2 e6 9. d3 Ng8 10. 0-0 Qh4 11. Bf4 Ne7 12. Bd6 Bf8 13. Nxd4 Nf5 14. Nb3 Nd4 1-0

[Event "EU-ch U16"]
[Site "Chalkidiki"]
[Date "2001.09.01"]
[Round "2"]
[White "Chapar, Sergey"]
[Black "Cornette, Matthieu"]
[Result "1/2-1/2"]
[WhiteElo "2253"]
[BlackElo "2383"]
[PlyCount "69"]
[EventDate "2001.08.31"]
[EventType "swiss"]
[EventRounds "9"]
[EventCountry "GRE"]
[SourceTitle "EXT 2002"]
[Source "ChessBase"]
[SourceDate "2001.11.25"]
[SourceVersion "1"]
[SourceVersionDate "2001.11.25"]
[SourceQuality "1"]

1. d4 d5 2. Nf3 Nf6 3. c4 c6 4. Qc2 dxc4 5. Qxc4 Bf5 6. Nc3 e6 7. Bg5 Qb6 8. Bc1 Nbd7 9. g3 Be7 10. Bg2 0-0 11. 0-0 Ne4 12. Nd2 Nxd2 13. Bxd2 Qxb2 14. e4 Qxd2 15. exf5 exf5 16. Rfd1 Qc2 17. Rac1 Nb6 18. Qf1 Qb2 19. Qd3 Rad8 20. Ne2 g6 21. a4 Qa3 22. a5 Qxd3 23. Rxd3 Nd5 24. Bxd5 Rxd5 25. a6 bxa6 26. Rxc6 Bd8 27. Nc3 Rd7 28. Rxa6 Bb6 29. d5 Re8 30. Ra4 Ree7 31. Ra3 Re1+ 32. Kg2 Kg7 33. d6 Rd8 34. Ra2 Rd7 35. Kf3 1/2-1/2

[Event "EU-ch U16"]
[Site "Chalkidiki"]
[Date "2000.10.07"]
[Round "6"]
[White "Werle, Jan"]
[Black "Chapar, Sergey"]
[Result "1-0"]
[WhiteElo "2311"]
[BlackElo "2359"]
[PlyCount "79"]
[EventDate "2000.10.02"]
[EventType "swiss"]
[EventRounds "9"]
[EventCountry "GRE"]
[SourceTitle "CBM 078 Extra"]
[Source "ChessBase"]
[SourceDate "2000.11.10"]
[SourceVersion "1"]
[SourceVersionDate "2000.11.10"]
[SourceQuality "1"]

1. Nf3 d5 2. c4 e6 3. d4 c6 4. Qc2 Nf6 5. Bg5 h6 6. Bxf6 Qxf6 7. Nbd2 Nd7 8. g3 Bb4 9. Rd1 0-0 10. Bg2 e5 11. cxd5 cxd5 12. dxe5 Nxe5 13. 0-0 Rd8 14. Nxe5 Qxe5 15. Nf3 Qf6 16. Qb3 Bf8 17. Nd4 Bc5 18. e3 Bg4 19. Rd2 Rd7 20. Rc1 b6 21. Qa4 Rad8 22. Nc6 d4 23. exd4 Rxd4 24. Nxd4 Rxd4 25. Rxd4 Bxd4 26. Kh1 Bf3 27. Rc8+ Kh7 28. Qc2+ g6 29. Bxf3 Qxf3+ 30. Kg1 a5 31. b3 h5 32. Qd2 Bc5 33. Re8 h4 34. Qe2 Qf6 35. Kg2 Qc6+ 36. Qe4 h3+ 37. Kxh3 Qd7+ 38. Kg2 Kg7 39. Qe5+ f6 40. Qe6 1-0

[Event "EU-ch U16"]
[Site "Chalkidiki"]
[Date "2000.10.06"]
[Round "5"]
[White "Chapar, Sergey"]
[Black "Ostmoe, Geir S Tallaksen"]
[Result "1-0"]
[WhiteElo "2359"]
[BlackElo "2221"]
[PlyCount "59"]
[EventDate "2000.10.02"]
[EventType "swiss"]
[EventRounds "9"]
[EventCountry "GRE"]
[SourceTitle "CBM 078 Extra"]
[Source "ChessBase"]
[SourceDate "2000.11.10"]
[SourceVersion "1"]
[SourceVersionDate "2000.11.10"]
[SourceQuality "1"]

1. d4 Nf6 2. Nf3 e6 3. c4 c5 4. g3 cxd4 5. Nxd4 d6 6. Bg2 a6 7. 0-0 Be7 8. Nc3 0-0 9. e4 Nbd7 10. h3 Qc7 11. b3 Rb8 12. Bb2 Rd8 13. Rc1 Ne8 14. Qd2 b6 15. Kh2 Bb7 16. Rfd1 Nf8 17. f4 Qd7 18. h4 Nc7 19. Qe2 Ba8 20. a4 Qe8 21. Bh3 Nd7 22. h5 Nc5 23. b4 Nxa4 24. Nxa4 Qxa4 25. b5 d5 26. exd5 axb5 27. dxe6 Bf6 28. exf7+ Kh8 29. cxb5 Nd5 30. Ne6 1-0

[Event "EU-ch U16"]
[Site "Chalkidiki"]
[Date "2000.10.02"]
[Round "1"]
[White "Chapar, Sergey"]
[Black "Lie, Espen"]
[Result "1-0"]
[WhiteElo "2359"]
[BlackElo "2116"]
[PlyCount "85"]
[EventDate "2000.10.02"]
[EventType "swiss"]
[EventRounds "9"]
[EventCountry "GRE"]
[SourceTitle "CBM 078 Extra"]
[Source "ChessBase"]
[SourceDate "2000.11.10"]
[SourceVersion "1"]
[SourceVersionDate "2000.11.10"]
[SourceQuality "1"]

1. d4 d5 2. Nf3 e6 3. c4 c6 4. Qc2 f5 5. g3 Nf6 6. Bg2 Be7 7. 0-0 0-0 8. b3 Ne4 9. Ba3 Nd7 10. Bxe7 Qxe7 11. Nbd2 g5 12. Rab1 Qg7 13. e3 Nd6 14. b4 f4 15. exf4 gxf4 16. b5 cxb5 17. cxb5 Nf5 18. Rbe1 fxg3 19. hxg3 Nf6 20. Nb3 Ng4 21. Ne5 Nxe5 22. dxe5 Bd7 23. Qe2 a6 24. a4 axb5 25. axb5 Qe7 26. Rb1 Kh8 27. Rfd1 Qb4 28. Nd2 Qc5 29. Ne4 dxe4 30. Rxd7 Nxg3 31. Qe3 Qxe3 32. fxe3 Ne2+ 33. Kh2 Rf2 34. Rf1 Rxf1 35. Bxf1 Nc3 36. Rxb7 Nd5 37. Bg2 Ra4 38. Bh3 Ra2+ 39. Kg3 Nxe3 40. Bxe6 Nf1+ 41. Kf4 e3 42. Bxa2 e2 43. Kg5 1-0